000 00289nam a22001217a 4500
008 170927b xxu||||| |||| 00| 0 eng d
041 _aeng
080 _a37
100 _a47
101 _aEDUI
245 _aSPEAK WITH CONFIDENCE A PRACTICAL GUIDE
_cVASILE.A..A
942 _2udc
_cBK
999 _c30214
_d30214